LEADER 01793nam 2200349 450 001 9910389461003321 005 20230415064405.0 010 $a1-7281-5977-6 035 $a(CKB)5280000000207667 035 $a(NjHacI)995280000000207667 035 $a(EXLCZ)995280000000207667 100 $a20230415d2019 uy 0 101 0 $aeng 135 $aur||||||||||| 181 $ctxt$2rdacontent 182 $cc$2rdamedia 183 $acr$2rdacarrier 200 10$a2019 IEEE/ACM Performance Modeling, Benchmarking and Simulation of High Performance Computer Systems (PMBS) /$fInstitute of Electrical and Electronics Engineers 210 1$a[Place of publication not identified] :$cInstitute of Electrical and Electronics Engineers,$d2019. 215 $a1 online resource 311 $a1-7281-5978-4 330 $aThe aim of this workshop is to bring together researchers, from industry and academia, concerned with the qualitative and quantitative evaluation and modeling of high performance computing systems Authors are invited to submit novel research in all areas of performance modeling, benchmarking and simulation, and we welcome research that brings together current theory and practice We recognize that the coverage of the term performance has broadened to include power consumption and reliability and that performance modeling is practiced through analytical methods and approaches based on software tools and simulators. 517 $a2019 IEEE/ACM Performance Modeling, Benchmarking and Simulation of High Performance Computer Systems 606 $aEvaluation$vCongresses 615 0$aEvaluation 676 $a001.4 801 0$bNjHacI 801 1$bNjHacl 906 $aPROCEEDING 912 $a9910389461003321 996 $a2019 IEEE$92247201 997 $aUNINA LEADER 01516nam0 22003251i 450 001 UON00480259 005 20231205105245.519 010 $a978-84-907745-1-9 100 $a20170831f2017 |0itac50 ba 101 $aspa 102 $aES 105 $a|||| 1|||| 200 1 $aManual práctico de redacción periodística$egéneros informativos, interpretativos y de opinión$fcoord. Sonia Parratt, Pedro Paniagua, Paloma Abejón 210 $aMadrid$cSíntesis$d[2017] 215 $aLa data si ricava dal dep. legale. 410 1$1001UON00484818$12001 $aCiencias de la Información y la Comunicación$1210 $aMadrid$cSíntesis 606 $aGIORNALISMO$3UONC025141$2FI 620 $aES$dMadrid$3UONL000218 676 $a070$cGiornalismo ed editoria$v21 702 1$aABEJÓN$bPaloma$3UONV237777 702 1$aPANIAGUA SANTAMARÍA$bPedro$3UONV237776 702 1$aPARRATT FERNÁNDEZ$bSonia$3UONV237775 712 $aSíntesis$3UONV271221$4650 801 $aIT$bSOL$c20240220$gRICA 899 $aSIBA - SISTEMA BIBLIOTECARIO DI ATENEO$2UONSI 912 $aUON00480259 950 $aSIBA - SISTEMA BIBLIOTECARIO DI ATENEO$dSI SPA III 1962 $eSI 24417 7 1962 951 $aSIBA - SISTEMA BIBLIOTECARIO DI ATENEO$bSI2017860 1J 20170831 996 $aManual práctico de redacción periodística$91739897 997 $aUNIOR